Morse Code - Statistics

General Stats
  • This quiz has been taken 245 times
  • The average score is 10 of 26
Answer Stats
Hint Answer % Correct
... S
65%
. E
64%
.- A
59%
--- O
56%
.... H
50%
-.-. C
48%
.. I
44%
- T
42%
-... B
41%
-- M
41%
--.. Z
38%
..-. F
36%
-.-- Y
36%
-.- K
35%
--.- Q
35%
-.. D
33%
-. N
32%
.--. P
32%
--. G
30%
.-.. L
30%
.--- J
29%
.-. R
29%
-..- X
29%
…- V
27%
..- U
26%
.-- W
17%
No matching quizzes found
Score Distribution
Percent of People with Each Score
Percentile by Number Answered
Your Score History
You have not taken this quiz